| 000 | 00505nam a2200181Ia 4500 | ||
|---|---|---|---|
| 003 | LK-CoDNM | ||
| 008 | 010623t1979 xxu||||| |||| 00| 1 sin d | ||
| 040 |
_aLK-CoDNM _dLK-CoDNM _eLK-CoDNM |
||
| 041 | _asin | ||
| 080 |
_a371.3:674.1 _bSAR |
||
| 100 | _aSarneelis, H.K. | ||
| 245 | _aඑක්වස් වඬුකමි පුහුනුව | ||
| 246 | _aEkvas vadukam puhunuva | ||
| 260 |
_bKudaa karmaantha depaarthamenthuva _c1979 |
||
| 300 | _b105, 29 cm | ||
| 650 | _aEducation | ||
| 942 | _cBK | ||
| 999 |
_c110942 _d110942 |
||